| 000 | 02028nam a22002057a 4500 | ||
|---|---|---|---|
| 005 | 20230324093229.0 | ||
| 008 | 220602b ||||| |||| 00| 0 eng d | ||
| 020 | _a9781482206906 | ||
| 040 | _cAL | ||
| 041 | _aeng | ||
| 082 |
_223 _a547 _bCHAO |
||
| 100 |
_aPenny Chaloner _940025 |
||
| 245 |
_aOrganic chemistry _b:A Mechanistic approach |
||
| 260 |
_aNew York _bCRC Press _c2015 |
||
| 300 |
_axix,1264p. _bHB _c28.5x22cm. |
||
| 365 |
_2General _a945 _b₹10738.00 _c₹ _d₹13767.00 _e22% _f19-05-2022 |
||
| 520 | _aOffering a different, more engaging approach to teaching and learning, Organic Chemistry: A Mechanistic Approach classifies organic chemistry according to mechanism rather than by functional group. The book elicits an understanding of the material, by means of problem solving, instead of purely requiring memorization. The text enables a deep understanding of underlying principles that can be applied to a wide range of problems and systems. It also teaches a way of thinking and analysis that will serve students well across many academic disciplines. Covering all the key aspects of organic chemistry, this text emphasizes the development of skills through a student-centered approach. In order to provide a contemporary feel to the subject, the author has included some of the more modern synthetic approaches. In addition, later chapters address the biological, environmental, industrial, and forensic aspects of organic chemistry. Pedagogical Features: Extensive review problems, which are the central means of integrating the material "Focus boxes" that highlight key points in the chapters An instructors’ website with full lecture notes in animated PowerPoint, a solutions manual in both Word and PowerPoint format, and additional problems for use in tests A student website with solutions to review problems, and additional challenging problems and solutions for the ambitious, in animated PowerPoint and text versions | ||
| 650 |
_2Chemistry _aOrganic chemistry _940026 |
||
| 942 |
_2ddc _cBK |
||
| 999 |
_c223199 _d223199 |
||